| 000 | 00380pab a2200157 454500 | ||
|---|---|---|---|
| 008 | 180718b2013 xxu||||| |||| 00| 0 eng d | ||
| 100 | _aNagral, Sanjay | ||
| 245 | _aThe cost of drug: Beyond the Supreme Court order | ||
| 260 | _c2013 | ||
| 300 | _ap.13-15. | ||
| 362 | _a27 Apr | ||
| 650 | _aDrugs | ||
| 773 | _aEconomic and Political Weekly | ||
| 908 | _aN | ||
| 909 | _a99344 | ||
| 999 |
_c99343 _d99343 |
||